000 00322nam a2200133Ia 4500
008 191201s2011 xx 000 0 und d
100 _aSCHILDT,Herbert
245 0 _aComplete reference Java 2
250 _a49th.Rep
260 _c2011
_bTata mc Graw Hill
_aN. delhi
300 _a1154
650 _aIT
942 _2ddc
_cBB
_01
999 _c7497
_d7497